| 000 | 00924nam a22003257a 4500 | ||
|---|---|---|---|
| 001 | BR7312133 | ||
| 003 | BR-BrBNA | ||
| 005 | 20230928084245.0 | ||
| 007 | ta | ||
| 008 | 230509b bl.||||| |||| 00| 0 por d | ||
| 040 |
_aBR-BrBNA _bpor _cBiblioteca Nacional de Agricultura |
||
| 041 | _a(Por) | ||
| 072 |
_aF00; E70; H00 _b1000 |
||
| 090 | _ 1000 BR7312133 | ||
| 100 | 1 | _aMontenegro, H.W.S. | |
| 110 | 1 | _aEscola Superior de Agricultura Luiz de Queiroz, Piracicaba, SP (Brasil) | |
| 245 | 1 | _aCurso avancado de citricultura [Cultura; Economia; Comercio; Doenca; Praga; Industrializacao] | |
| 260 | 3 |
_aPiracicaba, SP (Brasil): _c1958. |
|
| 300 | _a241 p. | ||
| 500 | _a20 ref. | ||
| 650 | _aFRUTA CITRICA | ||
| 650 | _aCOMERCIALIZACAO | ||
| 650 | _aPRATICA CULTURAL | ||
| 650 | _aCLIMA | ||
| 650 | _aSOLO | ||
| 650 | _aENXERTO | ||
| 650 | _aCUSTO | ||
| 909 |
_a202309 _bLucia _c55 _dLucia Elande |
||
| 942 | _cBK | ||
| 999 |
_c17747 _d17747 |
||